Online Catalogue and eLibrary

Ecological feminist philosophies / (Record no. 129)

MARC details
000 -LEADER
fixed length control field 00592cam a2200205 a 4500
001 - CONTROL NUMBER
control field 671553
005 - DATE AND TIME OF LATEST TRANSACTION
control field 20231204024748.0
008 - FIXED-LENGTH DATA ELEMENTS--GENERAL INFORMATION
fixed length control field 950518s1996 inu b s001 0 eng
020 ## - INTERNATIONAL STANDARD BOOK NUMBER
ISBN 0253329663 (cl : alk. paper)
020 ## - INTERNATIONAL STANDARD BOOK NUMBER
ISBN 0253210291 (pa : alk. paper)
040 ## - CATALOGING SOURCE (பட்டியலாக்க மூலம்)
Original cataloging agency DLC
Transcribing agency DLC
Modifying agency DLC
082 00 - DDC Classification
Class No. 305.42/01
DDC Edition Number 20
245 00 - TITLE STATEMENT
Title Ecological feminist philosophies /
Statement of responsibility, etc. edited by Karen J. Warren.
260 ## - PUBLICATION, DISTRIBUTION, ETC.
Place of publication, distribution, etc. Bloomington :
Name of publisher, distributor, etc. Indiana University Press,
Date of publication, distribution, etc. 1996.
300 ## - PHYSICAL DESCRIPTION
Extent (e.g. Volumes, Pages etc.) xxvi, 270 p. ;
650 #0 - SUBJECT ADDED ENTRY--TOPICAL TERM
Topical term or geographic name entry element Ecofeminism.
650 #0 - SUBJECT ADDED ENTRY--TOPICAL TERM
Topical term or geographic name entry element Feminist theory.
700 1# - ADDED ENTRY--PERSONAL NAME
Personal name Warren, Karen,
Relator term (Role) Editor
942 ## - Koha item type (Biblio)
Koha item type Books in Stacks (Lending)
Holdings
Lost status Damaged status Collection code Home library Current library Date acquired Full call number Accession Number Item type
    Lending WERC Library WERC Library 12/04/2023 305.42/01 2264 Books in Stacks (Lending)

© WERC Library